|
|
|
|
| LEADER |
02686nam a22005655i 4500 |
| 001 |
978-3-642-21437-0 |
| 003 |
DE-He213 |
| 005 |
20170112151702.0 |
| 007 |
cr nn 008mamaa |
| 008 |
110618s2011 gw | s |||| 0|eng d |
| 020 |
|
|
|a 9783642214370
|9 978-3-642-21437-0
|
| 024 |
7 |
|
|a 10.1007/978-3-642-21437-0
|2 doi
|
| 040 |
|
|
|d GrThAP
|
| 050 |
|
4 |
|a QA76.758
|
| 072 |
|
7 |
|a UMZ
|2 bicssc
|
| 072 |
|
7 |
|a COM051230
|2 bisacsh
|
| 082 |
0 |
4 |
|a 005.1
|2 23
|
| 245 |
1 |
0 |
|a FM 2011: Formal Methods
|h [electronic resource] :
|b 17th International Symposium on Formal Methods, Limerick, Ireland, June 20-24, 2011. Proceedings /
|c edited by Michael Butler, Wolfram Schulte.
|
| 264 |
|
1 |
|a Berlin, Heidelberg :
|b Springer Berlin Heidelberg :
|b Imprint: Springer,
|c 2011.
|
| 300 |
|
|
|a XIV, 450 p. 110 illus., 27 illus. in color.
|b online resource.
|
| 336 |
|
|
|a text
|b txt
|2 rdacontent
|
| 337 |
|
|
|a computer
|b c
|2 rdamedia
|
| 338 |
|
|
|a online resource
|b cr
|2 rdacarrier
|
| 347 |
|
|
|a text file
|b PDF
|2 rda
|
| 490 |
1 |
|
|a Lecture Notes in Computer Science,
|x 0302-9743 ;
|v 6664
|
| 520 |
|
|
|a This book constitutes the refereed proceedings of the 17th International Symposium on Formal Methods, FM 2011, held in Limerick, Ireland, in June 2011. The 29 revised full papers presented together with 3 invited talks were carefully reviewed and selected from numerous submissions. The papers are organized in topical sections on cyber-physical systems, runtime analysis, case studies/tools, experience, program compilation and transformation, security, progress algebra, education, concurrency, dynamic structures, and model checking.
|
| 650 |
|
0 |
|a Computer science.
|
| 650 |
|
0 |
|a Computer programming.
|
| 650 |
|
0 |
|a Software engineering.
|
| 650 |
|
0 |
|a Programming languages (Electronic computers).
|
| 650 |
|
0 |
|a Computer logic.
|
| 650 |
|
0 |
|a Mathematical logic.
|
| 650 |
|
0 |
|a Management information systems.
|
| 650 |
1 |
4 |
|a Computer Science.
|
| 650 |
2 |
4 |
|a Software Engineering.
|
| 650 |
2 |
4 |
|a Logics and Meanings of Programs.
|
| 650 |
2 |
4 |
|a Programming Languages, Compilers, Interpreters.
|
| 650 |
2 |
4 |
|a Programming Techniques.
|
| 650 |
2 |
4 |
|a Mathematical Logic and Formal Languages.
|
| 650 |
2 |
4 |
|a Management of Computing and Information Systems.
|
| 700 |
1 |
|
|a Butler, Michael.
|e editor.
|
| 700 |
1 |
|
|a Schulte, Wolfram.
|e editor.
|
| 710 |
2 |
|
|a SpringerLink (Online service)
|
| 773 |
0 |
|
|t Springer eBooks
|
| 776 |
0 |
8 |
|i Printed edition:
|z 9783642214363
|
| 830 |
|
0 |
|a Lecture Notes in Computer Science,
|x 0302-9743 ;
|v 6664
|
| 856 |
4 |
0 |
|u http://dx.doi.org/10.1007/978-3-642-21437-0
|z Full Text via HEAL-Link
|
| 912 |
|
|
|a ZDB-2-SCS
|
| 912 |
|
|
|a ZDB-2-LNC
|
| 950 |
|
|
|a Computer Science (Springer-11645)
|